00728nam a2200193 a 4500003000700000005001700007008004100024040003300065041000800098050002200106110006400128245015400192260004100346300003600387336002800423337003000451338002700481500002600508CBULib20231213094345.0191209s2014 ||||||||||||||||| || u aCBULibbEnglishcCBULiberda aeng aUNCTAD(02)2014/26 aUnited Nations Conference on Trade and Development (UNCTAD)10aVirtual institute teaching materials on trade and gender: volume 1 unfolding linksc/ by United Nations Conference on Trade and Development. (UNCTAD) aNew York : bUnited Nations, c2014. aix, 102 pages.: illustrations.  2rdacontentaText |btxt 2rdamediaaUnmediated |bn 2rdacarrieraVolumebnc aIncludes bibliography